000
00277nam a22001217a 4500
008
180124b xxu||||| |||| 00| 0 eng d
041
_a
eng
080
_2
2nd
_a
159.9
100
_a
48
101
_a
PSI
245
_a
Dementia a clinical approach
_c
Cummings,J.L
942
_2
udc
_c
BK
999
_c
40873
_d
40873